|
|
|
|
| LEADER |
00000nas a2200000 a 4500 |
| 001 |
ssj0000933919 |
| 003 |
WaSeSS |
| 005 |
20200512172242.0 |
| 006 |
m d |
| 007 |
cr n |
| 008 |
060630c19999999ii qr p s 0 0eng |
| 010 |
|
|
|a 2006347673
|
| 025 |
|
|
|a I-D-E-2006-347673; 63-90
|
| 035 |
|
|
|a (WaSeSS)ssj0000933919
|
| 037 |
|
|
|b SP Guide Publications Pvt. Ltd., A-133, Arjun Nagar, Kotla, Opp. Defence Colony A-289, New Delhi-110003
|
| 040 |
|
|
|a DLC
|b eng
|c DLC
|d DLC
|d OCLCQ
|d OCLCF
|d OCLCO
|d OCLCA
|d WaSeSS
|
| 042 |
|
|
|a pcc
|
| 043 |
|
|
|a a-ii---
|
| 050 |
0 |
0 |
|a UG635.I4
|b S69
|
| 245 |
0 |
0 |
|a SP's aviation
|h [electronic resource].
|
| 260 |
|
|
|a New Delhi :
|b SP Guide Publications,
|c 1999-
|
| 310 |
|
|
|a Quarterly
|
| 362 |
1 |
|
|a Began in 1999?
|
| 506 |
|
|
|a License restrictions may limit access.
|
| 588 |
|
|
|a Description based on: Issue 4 (2005); title from cover.
|
| 650 |
|
0 |
|a Aeronautics, Military
|z India
|v Periodicals.
|
| 650 |
|
7 |
|a Aeronautics, Military.
|2 fast
|0 (OCoLC)fst00798542
|
| 650 |
|
7 |
|a Armed Forces
|x Aviation.
|2 fast
|0 (OCoLC)fst01351741
|
| 651 |
|
0 |
|a India
|x Armed Forces
|x Aviation
|v Periodicals.
|
| 651 |
|
7 |
|a India.
|2 fast
|0 (OCoLC)fst01210276
|
| 655 |
|
0 |
|a Electronic journals.
|
| 850 |
|
|
|a DLC
|
| 856 |
4 |
0 |
|z Full text available from Research Library: 01/01/2009 to present
|u https://search.proquest.com/publication/55083
|